000 00516nam a2200169Ia 4500
003 GCL
008 140319s9999 xx 000 0 ara d
040 _aGCL /
_cGCL
082 0 4 _a227
_bش م
100 1 _aالشحات السيد زغلول
245 1 0 _aمن مناهج التفسير /
_cالشحات السيد زغلول
260 _aالقاهرة :
_bدار المعرفة الجامعية ،
_c1996
300 _a225 ص ؛
_c24 سم
650 0 4 _aتفسير
650 0 4 _aالقران
942 _2ddc
_cBK
999 _c41971
_d41971